000 01020nam a2200277 a 4500
001 2026270
003 OSt
005 20110722141135.0
008 911211s1991 xxk b 000 0 eng
010 _a 91225959
020 _a0949009946
040 _aDLC
_cDLC
050 0 0 _aJX4473
_b.M45 1991
082 0 0 _a341.5/2
_220
100 1 _aMerrills, J. G.
_9388
245 1 0 _aInternational dispute settlement /
_cby J.G. Merrills.
250 _a2nd ed.
260 _aCambridge :
_bGrotius Publications,
_c1991.
300 _axxii, 288 p. ;
_c23 cm.
504 _aIncludes bibliographical references and index.
650 0 _aPacific settlement of international disputes.
_9389
906 _a7
_bcbc
_corignew
_d2
_encip
_f19
_gy-gencatlg
942 _2ddc
_cBK
999 _c141
_d141